Recopilación, organización e interpretación de datos
שמור ב:
| מחבר תאגידי: | |
|---|---|
| פורמט: | ספר |
| שפה: | ספרדית |
| יצא לאור: |
Ciudad de México
Trillas
1970
|
| סדרה: | Colección Temas de Matemáticas, 16
|
| נושאים: | |
| תגים: |
הוספת תג
אין תגיות, היה/י הראשונ/ה לתייג את הרשומה!
|
MARC
| LEADER | 00000nam a2200000 a 4500 | ||
|---|---|---|---|
| 001 | UCY7605 | ||
| 003 | CL-VaPUC | ||
| 008 | 950616e19700000MX |||||||||||||||||spa|d | ||
| 082 | 0 | 4 | |a 519.5 |b NAT |2 21 |
| 110 | 2 | |a National Council of Teachers of Mathematics, U.S.A |e author |9 338206 | |
| 245 | 1 | 0 | |a Recopilación, organización e interpretación de datos |
| 300 | |a 58 p | ||
| 942 | |c BK | ||
| 945 | |d 19950616 00:00:00 |a mfernand | ||
| 260 | |a Ciudad de México |b Trillas |c 1970 | ||
| 650 | 0 | |a Estadística |9 259535 | |
| 650 | 0 | |a Análisis de datos |9 269871 | |
| 650 | 7 | |a MANEJO DE DATOS |2 CL-VaPUC |9 338207 | |
| 650 | 7 | |a MUESTREO DE DATOS |2 CL-VaPUC |9 335048 | |
| 650 | 0 | |a Estadística matemática |9 260028 | |
| 650 | 0 | |a Datos estadísticos |9 329380 | |
| 650 | 0 | |a Probabilidades |9 260199 | |
| 583 | |a last modification |c 20120903 11:49:08 |k Rodrigo Vera | ||
| 490 | 0 | |a Colección Temas de Matemáticas, 16 | |
| 999 | |c 234941 |d 234939 | ||
| 952 | |0 0 |1 0 |4 0 |6 519_500000000000000_NAT_1970 |7 0 |8 P |9 241954 |a BIBEDU |b BIBEDU |c BIBEDU_PB |d 2019-11-18 |i 1520407 |o 519.5 NAT 1970 |p 1520407 |r 2024-01-25 |w 2019-11-18 |y BK |k EDU | ||
| 952 | |0 0 |1 0 |4 0 |6 519_500000000000000_NAT_1970 |7 0 |8 A |9 241955 |a BIBMAT |b BIBMAT |c E_DIDACT |d 2019-11-18 |i 3361608 |l 1 |o 519.5 NAT 1970 |p 3361608 |r 2025-01-07 |s 2020-03-03 |w 2019-11-18 |y BK |k MAT | ||